| 000 | 00587nam a22002297a 4500 | ||
|---|---|---|---|
| 001 | 0074 | ||
| 003 | DO-SdBNP | ||
| 005 | 20180213134520.0 | ||
| 007 | 0074 | ||
| 008 | 151014b sp 1966 00| 0 spa d | ||
| 040 |
_aBPMSU _bspa _cBPMSU |
||
| 092 |
_axxxxxx _bxxxxxx |
||
| 100 | 1 | 0 | _aBlyton, Enid |
| 245 |
_aÚltimo curso en torres de malory / _cEnid Blyton |
||
| 260 |
_aBarcelona, España : _bMolino, _c1966 |
||
| 300 |
_a175 p. : _bil., _c20 cm. |
||
| 490 | 1 | 0 |
_aAventura _v66 |
| 830 | 0 | 0 |
_aAventura _n66 |
| 942 |
_2ddc _cBK |
||
| 945 | _aInventariado, 2018/ YL | ||
| 956 | _aBrenda Tavárez | ||
| 999 |
_c8378 _d8378 |
||